000 00686pam a2200229 a 4500
001 1039164
005 20180814071216.0
008 891229s1990 nyua b 001 0 eng
010 _a 89078535
020 _a0195063449 (acidfree paper)
040 _aDLC
_cDLC
_dDLC
041 _aeng
080 _a616.890
082 0 0 _a616.890
_220
100 1 _a48
101 _aPSI
245 1 0 _aMMPI-2 in psychological treatment /
_cJames Neal Butcher.
504 _aIncludes bibliographical references (p. 173-180) and indexes.
906 _a7
_bcbc
_corignew
_d1
_eopcn
_f19
_gy-gencatlg
942 _2ddc
_cBK
999 _c47131
_d47131